Философията на магаренцето Йори, или Законите на Мърфи - Норбеков (Запис номер 181369)
[ съкратено ]
| 000 -Лидер | |
|---|---|
| Контролно поле с фиксирана дължина | 01716nam a2200361 c 4500 |
| 003 - Код на организацията, давaща контролен номер | |
| Контролно поле | BLK |
| 005 - Дата и час на последна редакция | |
| Контролно поле | 20180422115140.0 |
| 008 - Елементи от данни с фиксирана дължина | |
| fixed length control field | 180411b bul|||||r ||||||| ||bul|| |
| 010 ## - Наследен системен номер | |
| LC control number | KNG00190268000 |
| 020 ## - Международен стандартен номер на книга ISBN | |
| Международен стандартен номер на книга ISBN | 978-619-153-078-6 |
| -- | издат.: Паритет |
| 040 ## - Източник на каталожния запис | |
| Идентификатор на билиотеката - собственик на записа | BLK |
| 041 ## - Код за език | |
| Код за езика на текст/звукозапис или на отделно заглавие | Български |
| Код за езика КДБФ | Български |
| 072 #7 - Код за тематичната категория | |
| Код организация | bullib |
| Код за тематична категория | Н15 |
| Текст | Психология Н |
| 080 ## - УДК | |
| Текстов определител УДК | Психотехника. Приложна психология. Психотестове. Консултативна психология |
| УДК код - определител по УДК | 159.98 |
| УДК определител | |
| УДК - код + определител | 159.98 |
| 100 1# - Редна дума - Автор | |
| Автор | Норбеков, Мстислав Олегович |
| Авторска отговорност | първи автор |
| R(LIN) | 276143 |
| 139 ## - Редно поле | |
| Редна дума | Норбеков, Мстислав Олегович |
| Авторски знак | Нор - Н 91 |
| 245 10 - Сведения за заглавието | |
| Заглавие | Философията на магаренцето Йори, или Законите на Мърфи - Норбеков |
| Редно поле (дума) | Мстислав Олегович Норбеков; прев. от рус. Петя Талева. |
| 257 ## - Страна на издаване | |
| Страна на създаване/издаване | Русия |
| 260 ## - Област на издателските данни | |
| -- | София |
| Име на издателя, разпространителя и проч. | Паритет |
| Година на издаване | 2015 |
| Печатница | София : Анториери |
| 300 ## - Физическа характеристика | |
| Страници | 176 с. |
| Размери/Мащаб | 20 см |
| 380 ## - Жанр | |
| Жанр | Философия |
| 490 1# - СЕРИИ (Колекции) | |
| Име на серия | Другият Норбеков |
| 500 ## - Общи забележки | |
| Забележка | Ориг. загл. Философия ослика Иа-Иа, или Законы Мерфи - Норбекова / М. Норбеков. - Съдържа и за авт. |
| 650 #4 - Допълнително описание по предмет – тема | |
| Основно описание – тема или топоним | Психология, приложна |
| 9 (RLIN) | 258193 |
| 653 ## - Ключова дума – ненормативна | |
| Ключова дума | приложна психология |
| 659 ## - Тематичен бюлетин | |
| Тематичен бюлетин | Н |
| 700 1# - Други автори (авторска отговорност) | |
| Лично име | Талева, Петя |
| Автороска отговорност (Описва отношението между автора и произведението) | прев. от рус. |
| 9 (RLIN) | 367647 |
| 852 ## - Местоположение | |
| Форматна сигнатура | Цб 282214 |
| 856 4# - Електронен адрес и достъп | |
| Електронен формат | pdf - файл |
| Път до файла /url/ | |
| 856 4# - Електронен адрес и достъп | |
| Електронен формат | pdf - файл |
| Път до файла /url/ | |
| 942 ## - АРТИКУЛИ | |
| Вид на библиотечния материал | Книги |
| Скрит в OPAC | Не |
| 944 ## - СЪЗДАВАНЕ И РЕДАКЦИЯ на ЗАПИСА | |
| Създаване/Редакция | Създаване |
| Дата на регистрацията/редакция | 13.09.2016 |
| Статус, дата на статуса | ф / |
| Служител, извършил регистрацията/редакцията | Виолета_Тройчева |
| 944 ## - СЪЗДАВАНЕ И РЕДАКЦИЯ на ЗАПИСА | |
| Създаване/Редакция | Редакция |
| Дата на регистрацията/редакция | 05.10.2016 |
| Статус, дата на статуса | ф / |
| Служител, извършил регистрацията/редакцията | Людмила_Стоянова |
| 999 ## - СИСТЕМНИ КОНТРОЛНИ НОМЕРА | |
| Koha biblionumber | 181369 |
| Koha biblioitemnumber | 181369 |
| Код за отписване | Код за изгубен артикул | Код за повреда | Коз за рестрикции | Код за отдаване | Артикулен № | Име на библиотеката - собственик | Име на библиотеката, в която се намира в момента | Статус (Текущо местоположение) | Дата на вписване в системата | Местоположение - отдел | Цена в лева | Инвентарен номер | Систематично азбучна сигнатура | Баркод | Номер на екземпляра | Цена в евро | Служебна бележка | Служебен тип на артикула |
|---|---|---|---|---|---|---|---|---|---|---|---|---|---|---|---|---|---|---|
| Не е изгубен | Не е повреден | без рестрикции | ползва се в читалня | 310706 | Регионална библиотека "Любен Каравелов" Русе | Регионална библиотека "Любен Каравелов" Русе | Хранилище | 2016-09-13 | Хранилище | 11.99 | 120000803713 | Цб 282214 | 120000803713 | 1 | 6.13 | Дост: Dp Вид: Д N: 31 Дата: 29.06.2016 | Книги |